| 000 | 01572nam a2200157 4500 | ||
|---|---|---|---|
| 020 | _a9780141182797 | ||
| 100 | 1 |
_aCapote, Truman, _d1924-1984. |
|
| 245 | 1 | 0 |
_aBreakfast at Tiffany's / _cTruman Capote. |
| 260 |
_aLondon : _bPenguin, _c1998. |
||
| 300 |
_a160p. ; _c18cm. |
||
| 505 | 0 | _aContents: Breakfast at Tiffany's - House of flowers - A diamond guitar - A Christmas memory. | |
| 520 | _aTruman Capote's provocative, naturalistic masterstroke about a young writer's charmed fascination with his unorthodox neighbour, the "American geisha" Holly Golightly. Holly - a World War II-era society girl in her late teens - survives via socialisation, attending parties and restaurants with men from the wealthy upper class who also provide her with money and expensive gifts. Over the course of the novella, the seemingly shallow Holly slowly opens up to the curious protagonist, who eventually gets tossed away as her deepening character emerges. 'Breakfast at Tiffany's', Truman Capote's most beloved work of fiction, introduced an independent and complex character who challenged audiences, revived Audrey Hepburn's flagging career in the 1961 film version, and whose name and style has remained in the national idiom since publication. Hall uses his diligent attention to character to bring our unnamed narrator's emotional vulnerability to the forefront of this American classic. | ||
| 650 |
_aSocial class -- Fiction. _v _x _y _z _2 |
||
| 650 |
_aWriters -- Fiction. _v _x _y _z _2 |
||
| 651 | 0 |
_aNew York (N.Y.) _xSocial life and customs _xFiction. |
|
| 999 |
_c5354 _d5354 |
||